|
|
|
|
| LEADER |
00000nam0a2200000 4500 |
| 001 |
292124 |
| 005 |
20231102000449.0 |
| 035 |
|
|
|a (RuTPU)RU\TPU\book\316737
|
| 090 |
|
|
|a 292124
|
| 100 |
|
|
|a 20150420d1983 km y0rusy5003 ca
|
| 101 |
0 |
|
|a rus
|
| 102 |
|
|
|a RU
|
| 105 |
|
|
|a a z 001zy
|
| 200 |
1 |
|
|a Повышение эффективности работы доменных печей
|e тематический отраслевой сборник
|f [редкол.: А. Г. Ульянов (отв. ред.) и др.]
|
| 210 |
|
|
|a Москва
|c Металлургия
|d 1983
|
| 215 |
|
|
|a 87 с.
|c ил.
|d 21 см
|
| 320 |
|
|
|a Библиография в конце статей
|
| 606 |
1 |
|
|a Доменное производство
|x Технико-экономические показатели
|2 stltpush
|3 (RuTPU)RU\TPU\subj\9907
|9 37059
|
| 610 |
1 |
|
|a доменные печи
|
| 610 |
1 |
|
|a кокс
|
| 610 |
1 |
|
|a реакционная способность
|
| 610 |
1 |
|
|a прочность
|
| 610 |
1 |
|
|a окускованное сырье
|
| 610 |
1 |
|
|a высококремнистые железорудные концентраты
|
| 610 |
1 |
|
|a железорудные материалы
|
| 610 |
1 |
|
|a газопроницаемость
|
| 610 |
1 |
|
|a восстановимость
|
| 610 |
1 |
|
|a доменная плавка
|
| 675 |
|
|
|a 669.162.27
|z rus
|v 4
|
| 702 |
|
1 |
|a Ульянов
|b А. Г.
|4 340
|
| 801 |
|
0 |
|a RU
|b RuMRKP
|c 19950704
|g psbo
|
| 801 |
|
1 |
|a RU
|b 63413507
|c 20150420
|
| 801 |
|
2 |
|a RU
|b 63413507
|c 20181219
|g RCR
|
| 942 |
|
|
|c BK
|